Văn bản pháp luật về các quỹ tài chính

Các văn bản pháp luật về quỹ tài chính: Lĩnh vực đầu tư, hỗ trợ phát triển, lĩnh vực bảo hiểm, tín dụng, lĩnh vực giáo dục đào tạo, việc làm.

Na minha lista:
Detalhes bibliográficos
Formato: Livro
Idioma:Undetermined
Publicado em: Hà Nội Chính trị Quốc gia 2000
Assuntos:
Tags: Adicionar Tag
Sem tags, seja o primeiro a adicionar uma tag!
Thư viện lưu trữ: Trung tâm Học liệu Trường Đại học Cần Thơ
LEADER 00838nam a2200205Ia 4500
001 CTU_40565
008 210402s9999 xx 000 0 und d
020 |c 81000 
082 |a 343.03 
082 |b V115 
245 0 |a Văn bản pháp luật về các quỹ tài chính 
260 |a Hà Nội 
260 |b Chính trị Quốc gia 
260 |c 2000 
520 |a Các văn bản pháp luật về quỹ tài chính: Lĩnh vực đầu tư, hỗ trợ phát triển, lĩnh vực bảo hiểm, tín dụng, lĩnh vực giáo dục đào tạo, việc làm. 
650 |a Accounting,Finance, public,Managerial accounting 
650 |x Law and legislation,Law and legislation 
650 |z Vietnam,Vietnam 
904 |i Minh 
980 |a Trung tâm Học liệu Trường Đại học Cần Thơ